Crímenes célebres / (Record no. 153590)

MARC details
000 -LEADER
campo de control de longitud fija 00761nam a22001935i 4500
001 - NÚMERO DE CONTROL
campo de control 153590
003 - IDENTIFICADOR DE NÚMERO DE CONTROL
campo de control ES-MaACL
005 - FECHA Y HORA DE LA ÚLTIMA TRANSACCIÓN
campo de control 20250704062530.0
008 - DATOS DE LONGITUD FIJA--INFORMACIÓN GENERAL
campo de control de longitud fija 971110s1852 sp a |||| | spa d
040 ## - FUENTE DE CATALOGACIÓN
Centro catalogador/agencia de origen AR
Lengua de catalogación spa
Centro/agencia transcriptor AR
100 1# - ENTRADA PRINCIPAL--NOMBRE DE PERSONA
Nombre de persona Dumas, Alexandre,
Fechas asociadas al nombre 1802-1870
Término indicativo de función/relación Autor
9 (RLIN) 241135
245 10 - MENCIÓN DEL TÍTULO
Título Crímenes célebres /
Mención de responsabilidad, etc. por Alejandro Dumas.
260 ## - PUBLICACIÓN, DISTRIBUCIÓN, ETC.
Lugar de publicación, distribución, etc. Madrid :
Nombre del editor, distribuidor, etc. [s.n.],
Fecha de publicación, distribución, etc. 1852 (
Fabricante Estab. tip. de F. de P. Mellado)
300 ## - DESCRIPCIÓN FÍSICA
Extensión 66 p., [1] h. de lám. :
Otras características físicas il. ;
Dimensiones 28 cm.
505 8# - NOTA DE CONTENIDO CON FORMATO
Nota de contenido con formato Contiene: María Estuardo
852 ## - LOCALIZACIÓN
Ubicación ES-MaACL
Número de control de estantería C-2290(3)
Nota libre -- Enc. hol.
-- -- Legado M. de La Fuente
-- -- Enc. en un vol. facticio
Encuadernación -- Edic.: en la portadilla aparece la serie: "Novelas populares y obras ilustradas"
942 ## - ELEMENTOS DE ENTRADA SECUNDARIOS (KOHA)
Fuente del sistema de clasificación o colocación Clasificación decimal universal
Holdings
Estatus retirado Estado de pérdida Estado de daño No para préstamo Colección Biblioteca de origen Biblioteca actual Ubicación en estantería Fecha de adquisición Fuente de adquisición Total de préstamos Signatura topográfica completa Código de barras Visto por última vez Precio de reemplazo Tipo de ítem Koha
        Libros del s. XIX Biblioteca del Ateneo de Madrid Biblioteca del Ateneo de Madrid Sala Palomar 17/01/2008     C-2290(3) 1160560 23/02/2023 23/02/2023 Libro impreso antiguo